Quiz Rap FR - N'oubliez pas les paroles ! - Statistiques

Statistiques générales
  • Ce quiz a été pris 4 064 fois
  • Le résultat moyen est 3 sur 10
Statistiques - réponses
Artiste Titre Paroles Paroles manquantes % Correct
Koba LaD - Niska RR 9.1 J'suis à Phuket, au bord d'la plage Elle m'masse .. ..., .... . . ..... ... ..... le dos, elle m'masse les pieds
70%
Vald Désaccordé J'peux m'arrêter mais j'continue
Pour le turn-up, je contribue
Abandonne-moi, j'reconfigure
J'te laisse .. ...... .. ......... Toujours un drame alors qu'on simule
la chatte en confiture
51%
Ninho La vie qu'on mène J'suis avec Savastano dans un quatre étoiles en Crète Pas très loin de Malia, .... ... ....... .... .. ....... elle est chargée sous le maillot
50%
Niska Bâtiment T'façon si ça finit mal (gang) Si ça va au poste ...... ... dire que c'est moi, faudra jamais dire mon nom faudra pas
41%
Zola L1 L2 J'suis né autour de Paris . . .... ...... . ....., ....., ..... (j'suis né autour de Paris) J'vais mourir à Paris, Paris, Paris,
27%
PNL Au DD Igo, pourquoi toi, tu parles en Igo? .. .. .. ..., ouais, dis-moi qui signe si ça se tue
25%
Nekfeu Humanoïde Est-ce que tu t'réveilles au milieu d'la nuit? Encore une inspi' En sachant qu'l'alcool et les spliffs ....... .. ..... .. . . ...... abîment le corps et l'esprit
14%
Laylow 10' Mon sang froid qui diminue, diminue vite Ton ....... ... ...., il est presque inutile sourire est faux
11%
Freeze Corleone Fentanyl Nique un sioniste comme BHL On . .. .......... qu'il faut Pour acheminer les colis d'un point A à un point B comme DHL a la logistique
6%
Hugo TSR Fenêtre sur rue Au restaurant .. ...., ..... ., ........ le même type Il v'nait avec sa femme, d'puis qu'elle est die il fait l'amnésique du coin, table 6, toujours
3%
Aucun quiz correspondant
Distribution des résultats
% des personnes avec chaque résultat
Percentile par nombre de réponses
Votre historique - résultats
Vous n’avez pas pris ce quiz